[Event "Washington Class Championships"]
[Site "Seattle, WA"]
[Date "2015.11.28"]
[Round "2"]
[White "Lai James  (WA)"]
[Black "Ruan Evan  (WA)"]
[Result "1-0"]
[WhiteElo "1409"]
[BlackElo "1366"]
[Annotator ""]
[Source ""]
[Remark "Class C--Two Day"]

1.e4 c5 2.Nf3 e6 3.d4 cxd4 4.Nxd4 a6 5.Nc3 Qc7 6.Be2 Nf6 7.f4
d6 8.f5 e5 9.Nf3 b5 10.Be3 Bb7 11.Bd3 Nbd7 12.O-O b4 13.Ne2 Nxe4
14.Qe1 d5 15.b3 d4 16.Bc1 Be7 17.Nexd4 Nc3 18.Qg3 O-O 19.Ne2
Nxe2+ 20.Bxe2 Qxc2 21.Bc4 Bf6 22.Bd2 Bxf3 23.Bxb4 Rfb8 24.Qxf3
e4 25.Qd1 Qxd1 26.Raxd1 Nb6 27.Be2 Nd5 28.Bd6 Nc3 29.Bxb8 Nxe2+
30.Kf2 Nc3 31.Rd6 Nb5 32.Rxf6 gxf6 33.Bf4 Rc8 34.Rd1 1-0

[Event "Washington Class Championships"]
[Site "Seattle, WA"]
[Date "2015.11.28"]
[Round "3"]
[White "Reeves Jasen  (WA)"]
[Black "Jiang Brandon  (WA)"]
[Result "1/2-1/2"]
[WhiteElo "1241"]
[BlackElo "1238"]
[Annotator ""]
[Source ""]
[Remark "Class D--Two Day"]

1.d4 d5 2.c4 e6 3.cxd5 exd5 4.Nc3 Nf6 5.Bg5 Nbd7 6.e3 c6 7.Bd3
Bb4 8.Qc2 Qa5 9.Nge2 O-O 10.O-O Re8 11.a3 Bd6 12.Ng3 Qc7 13.Rfe1
h6 14.Bxf6 Nxf6 15.Rac1 a6 16.Na4 Bd7 17.Nc5 Bxc5 18.Qxc5 Rac8
19.Nf5 Bxf5 20.Bxf5 Nd7 21.Qc2 Rcd8 22.b4 Qb6 23.Bxd7 Rxd7 24.Qc5
Qxc5 25.Rxc5 1/2-1/2

[Event "Washington Class Championships"]
[Site "Seattle, WA"]
[Date "2015.11.28"]
[Round "3"]
[White "Hendricks David  (WA)"]
[Black "Elisara Travis  (WA)"]
[Result "1/2-1/2"]
[WhiteElo "1670"]
[BlackElo "1557"]
[Annotator ""]
[Source ""]
[Remark "Class B--Two Day"]

1.d4 Nf6 2.Bf4 g6 3.e3 Bg7 4.Nf3 d6 5.c4 c5 6.Nc3 O-O 7.Be2 cxd4
8.exd4 Bd7 9.O-O Nc6 10.Rc1 Rc8 11.a3 a5 12.Nb5 Ra8 13.c5 Nh5
14.Bg5 dxc5 15.Rxc5 h6 16.Bh4 g5 17.Ne5 Nf4 18.Bg3 Nxe2+ 19.Qxe2
Nxe5 20.dxe5 Bc6 21.Rd1 Qc8 22.Nd4 Ra6 23.Rdc1 Qd7 24.Nxc6 Rxc6
25.Rxc6 bxc6 26.Qa6 Rd8 27.h3 Qd2 28.Qxc6 Qxb2 29.Qc7 Rd5 30.Qc8+
Kh7 31.Qf5+ Kg8 32.Rc8+ Bf8 33.Qc2 Qa1+ 34.Kh2 Rd1 35.Bf4 gxf4
36.Rxf8+ Kxf8 37.Qc8+ Kg7 38.Qg4+ Kh7 39.Qf5+ Kg7 40.Qg4+ 1/2-1/2

[Event "Washington Class Championships"]
[Site "Seattle, WA"]
[Date "2015.11.28"]
[Round "3"]
[White "Kam Ethan  (WA)"]
[Black "Lawler Aidan  (WA)"]
[Result "1/2-1/2"]
[WhiteElo "1174"]
[BlackElo "1347"]
[Annotator ""]
[Source ""]
[Remark "Class D--Two Day"]

1.e4 e5 2.Nf3 Nc6 3.d4 exd4 4.Bc4 Be7 5.O-O Nf6 6.Re1 d6 7.Nxd4
O-O 8.Nxc6 bxc6 9.Nc3 Be6 10.Bb3 Re8 11.Bg5 h6 12.Bh4 Nd7 13.Bxe7
Rxe7 14.Qf3 Nf6 15.Rad1 Bg4 16.Qg3 Bxd1 17.Rxd1 Qe8 18.Qf3 d5
19.h3 dxe4 20.Qe3 Rd8 21.Re1 Red7 22.Nxe4 Nxe4 23.Qxe4 Qxe4 24.Rxe4
Rd1+ 25.Kh2 R1d4 26.Re7 Rd2 27.Rxf7 Kh8 28.Rxc7 Rxf2 29.Rxc6
Rdd2 30.Rc8+ Kh7 31.Bg8+ Kg6 32.Rc6+ Rf6 33.Rxf6+ Kxf6 34.Bb3
Kg5 35.Kg3 h5 36.h4+ Kh6 37.Kf3 g5 38.g3 Kg6 39.Ba4 Rh2 40.Be8+
Kh6 41.hxg5+ Kxg5 42.Ba4 h4 43.gxh4+ Rxh4 44.Bb3 a5 45.Bd5 Rb4
46.b3 Rh4 47.a4 Kf5 48.Bc4 Ke5 49.Ke3 Rh3+ 50.Kd2 Kd4 51.Bd3
Rh2+ 52.Kc1 Kc3 53.Kb1 Rh1+ 54.Ka2 Rc1 55.Bf5 Rd1 56.Bd3 1/2-1/2

[Event "Washington Class Championships"]
[Site "Seattle, WA"]
[Date "2015.11.28"]
[Round "2"]
[White "Salmon Neil  (WA)"]
[Black "Norovsambuu Badamkhand  (WA)"]
[Result "1-0"]
[WhiteElo "2200"]
[BlackElo "2034"]
[Annotator ""]
[Source ""]
[Remark "Master--Two Day"]

1.d4 d5 2.Bf4 Bf5 3.e3 e6 4.Nf3 Bd6 5.c3 Nf6 6.Ne5 O-O 7.Be2
Bxe5 8.dxe5 Nfd7 9.Nd2 Nc6 10.Nf3 Bg4 11.Qc2 Bxf3 12.gxf3 Ncxe5
13.O-O-O c5 14.h4 Qa5 15.Kb1 b5 16.e4 Ng6 17.Bd6 Rfe8 18.h5 Ne7
19.Bxe7 Rxe7 20.exd5 exd5 21.Rxd5 Qb6 22.Rhd1 Ne5 23.Rd6 Qb7
24.Qe4 Rae8 25.Rd8 Qxe4+ 26.fxe4 c4 27.f3 Kf8 28.Kc2 Nc6 29.Rxe8+
Kxe8 30.a4 a6 31.axb5 axb5 32.Rd6 Re6 33.Rxe6+ fxe6 34.b3 Na5
35.bxc4 bxc4 36.Kb2 Ke7 37.Ka3 g6 38.hxg6 hxg6 39.Kb4 Nc6+ 40.Kxc4
Kd6 41.Kb5 g5 42.Kb6 1-0

[Event "Washington Class Championships"]
[Site "Seattle, WA"]
[Date "2015.11.28"]
[Round "1"]
[White "Kam Ethan  (WA)"]
[Black "Chen Minda  (WA)"]
[Result "0-1"]
[WhiteElo "1174"]
[BlackElo "1373"]
[Annotator ""]
[Source ""]
[Remark "Class D--Two Day"]

1.e4 c5 2.Nf3 e6 3.d4 cxd4 4.Nxd4 a6 5.Nc3 Nc6 6.Nxc6 bxc6 7.Be3
d5 8.exd5 cxd5 9.Qd4 Nf6 10.Bd3 Bd6 11.Bf4 Qe7 12.Bxd6 Qxd6 13.Ne4
Nxe4 14.Bxe4 f6 15.Bf3 Rb8 16.O-O-O Qc7 17.Rhe1 Kf7 18.Bxd5 Rd8
19.Qc4 Qb6 20.b3 exd5 21.Rxd5 Rxd5 22.Qxd5+ Be6 23.Qh5+ Kg8 24.Re3
Bf7 25.Qg4 Qb4 26.Re4 Qa3+ 27.Kb1 Bg6 28.Rc4 f5 29.Qd4 Re8 30.Qd2
Qe7 31.Rc6 Rd8 32.Qc3 Qa3 33.Qe1 Be8 34.Re6 Bf7 35.Re5 Bg6 36.Re3
a5 37.Re5 a4 38.Qc1 Qd6 39.Ra5 axb3 40.axb3 {'time'} 0-1

[Event "Washington Class Championships"]
[Site "Seattle, WA"]
[Date "2015.11.28"]
[Round "2"]
[White "Michaels Trey  (WA)"]
[Black "Baxter Brent  (WA)"]
[Result "1/2-1/2"]
[WhiteElo "1872"]
[BlackElo "1891"]
[Annotator ""]
[Source ""]
[Remark "Class A--Two Day"]

1.Nf3 Nf6 2.g3 b5 3.Bg2 Bb7 4.d3 e6 5.O-O Be7 6.Nbd2 O-O 7.c3
d6 8.e4 c5 9.Qe2 Nbd7 10.Ne1 Qc7 11.f4 Rae8 12.g4 Kh8 13.g5 Ng8
14.h4 f5 15.b3 e5 16.Qh5 fxe4 17.Nxe4 d5 18.Ng3 exf4 19.Bxf4
Bd6 20.Bxd6 Qxd6 21.Nh1 Ne5 22.d4 Ng6 23.Nd3 cxd4 24.cxd4 Bc8
25.Rae1 Rxe1 26.Nxe1 Rxf1+ 27.Bxf1 Qf4 28.Nf2 Qxd4 29.Bd3 N8e7
30.Qf3 Qf4 31.Qxf4 Nxf4 32.Bxb5 Nf5 33.Nf3 d4 34.Nd3 Ne2+ 35.Kf2
Nc3 36.Bc4 Nxa2 37.Nde5 Nd6 38.Nf7+ Nxf7 39.Bxf7 d3 40.Ke3 Nb4
41.Ne5 g6 1/2-1/2

[Event "Washington Class Championships"]
[Site "Seattle, WA"]
[Date "2015.11.29"]
[Round "6"]
[White "Pothukuchi Revanth  (WA)"]
[Black "Zhang Jason  (WA)"]
[Result "0-1"]
[WhiteElo "1516"]
[BlackElo "1509"]
[Annotator ""]
[Source ""]
[Remark "Class C"]

1.e4 e5 2.Nf3 Nc6 3.d4 exd4 4.Bc4 Nf6 5.O-O Be7 6.e5 Ng4 7.Re1
d6 8.exd6 Qxd6 9.h3 Nf6 10.Bg5 O-O 11.Bh4 Bf5 12.a3 Rae8 13.Bg3
Qd7 14.Bb5 Bc5 15.Ne5 Qe6 16.Nd2 Qc8 17.Nxc6 bxc6 18.Bxc6 Rxe1+
19.Qxe1 Bxc2 20.Rc1 d3 21.Bh4 Bd4 22.Bxf6 Bxf6 23.Nc4 Qa6 24.Bd5
c6 25.Bxf7+ Rxf7 26.Qe8+ Rf8 27.Qe6+ Kh8 28.Nd6 h6 29.Nf7+ Rxf7
30.Qxf7 d2 31.Ra1 d1Q+ 32.Rxd1 Bxd1 33.Qe8+ Kh7 34.Qe4+ g6 35.Qe8
Qe2 36.Qxe2 Bxe2 37.b4 Bd1 38.Kf1 Bb3 39.Ke2 Bb2 40.Kd2 Bxa3
41.Kc3 Bd5 42.g3 c5 43.bxc5 Bxc5 44.Kb2 Bxf2 45.Ka1 a5 46.h4
a4 47.h5 a3 48.Kb1 a2+ 49.Kc2 a1Q 50.Kd3 Qd4+ 51.Ke2 Qe3+ 52.Kd1
Bb3# 0-1

[Event "Washington Class Championships"]
[Site "Seattle, WA"]
[Date "2015.11.28"]
[Round "1"]
[White "Roring Tres  (OR)"]
[Black "Feng Roland  (WA)"]
[Result "0-1"]
[WhiteElo "2083"]
[BlackElo "2403"]
[Annotator ""]
[Source ""]
[Remark "Master--Two Day"]

1.d4 Nf6 2.c4 e6 3.Nc3 Bb4 4.f3 O-O 5.a3 Bxc3+ 6.bxc3 d5 7.e3
b6 8.cxd5 exd5 9.Bd3 c5 10.Ne2 Bb7 11.O-O Re8 12.Ra2 Nc6 13.Ng3
Qc7 14.Re2 Rad8 15.Bb2 h5 16.Rfe1 g6 17.Bb1 h4 18.Nh1 Na5 19.Bc1
Ba6 20.Ra2 Bc4 21.Rb2 Re6 22.e4 dxe4 23.fxe4 Rde8 24.Nf2 h3 25.Qf3
hxg2 26.Bg5 Nh7 27.Be3 Bf1 28.Bf4 Qd8 29.Ba2 Rf6 30.Ng4 g5 31.Nxf6+
Qxf6 32.Rf2 gxf4 33.e5 Qh6 34.Qg4+ Kh8 35.Bxf7 Ng5 36.Bh5 Re7
37.Rxf4 Nh3+ 38.Qxh3 Qxf4 39.Bg6+ Kg8 40.Re3 Be2 41.Bh7+ Kf8
42.Qf5+ Qxf5 43.Bxf5 Bf1 44.Be4 Nc4 45.Rg3 Rg7 46.Rh3 Ke7 {Remainder unrecorded due to time pressure.}
 0-1

[Event "Washington Class Championships"]
[Site "Seattle, WA"]
[Date "2015.11.28"]
[Round "3"]
[White "Tu Robin  (WA)"]
[Black "Yang Richard  (WA)"]
[Result "1-0"]
[WhiteElo "1771"]
[BlackElo "1701"]
[Annotator ""]
[Source ""]
[Remark "Class B"]

1.e4 e5 2.Nc3 Nc6 3.f4 d6 4.Nf3 Nf6 5.Bb5 Bg4 6.h3 Bxf3 7.Qxf3
Be7 8.Nd5 O-O 9.Nxe7+ Qxe7 10.Bxc6 bxc6 11.d3 d5 12.O-O exf4
13.exd5 cxd5 14.Bxf4 Qc5+ 15.Kh1 c6 16.Bh6 Qd6 17.Rae1 Rae8 18.Bg5
Rxe1 19.Rxe1 Re8 20.Rxe8+ Nxe8 21.Qe3 Qd7 22.Qc5 Qb7 23.b3 f6
24.Be3 a6 25.c4 Kf7 26.Bd2 Nc7 27.cxd5 Nxd5 28.Qd6 Qc7 29.Qxc7+
Nxc7 30.Kg1 Ke6 31.Kf2 Kd5 32.Ke3 Ne6 33.g4 Ke5 34.h4 Nc7 35.Bc3+
Ke6 36.Ke4 Nd5 37.Bd2 g6 38.Kd4 Kd6 39.Bh6 f5 40.Bf8+ Ke6 41.gxf5+
gxf5 42.h5 f4 43.Ke4 Nc3+ 44.Kxf4 Nxa2 45.Ke4 Nc1 46.b4 Ne2 47.h6
Nc3+ 48.Kd4 Na4 49.Kc4 Ke5 50.Kb3 Nb6 51.Bc5 Nd7 52.d4+ Kf5 53.Ka4
Nxc5+ 54.dxc5 Kg6 55.Ka5 Kxh6 56.Kxa6 Kg5 57.b5 h5 58.bxc6 h4
59.c7 h3 60.c8Q h2 61.Qh3 h1Q 62.Qxh1 Kf5 63.Qe1 Kf6 64.Kb6 Kf7
65.Kc7 Kf8 66.Kd7 Kf7 67.Qf2+ Kg7 68.Ke7 Kg6 69.Qf4 Kg7 70.Qg4+
Kh7 71.Kf7 Kh6 72.Qg6# 1-0

[Event "Washington Class Championships"]
[Site "Seattle, WA"]
[Date "2015.11.28"]
[Round "3"]
[White "Shubin Daniel  (WA)"]
[Black "Wynn Scott  (WA)"]
[Result "1-0"]
[WhiteElo "1477"]
[BlackElo "1282"]
[Annotator ""]
[Source ""]
[Remark "Class C--Two Day"]

1.e4 d6 2.d4 Nf6 3.Nc3 g6 4.Be3 Bg7 5.Be2 O-O 6.f4 Nbd7 7.e5
Ne8 8.Nf3 dxe5 9.dxe5 f6 10.e6 Nb6 11.Qxd8 Nd6 12.Qxc7 Nf5 13.Bxb6
axb6 14.Qxb6 Bh6 15.Nd5 Nd6 16.Nxe7+ Kg7 17.Qxd6 Re8 18.Bb5 Rf8
19.Nf5+ gxf5 20.e7 Be6 21.exf8Q+ Rxf8 22.Qxe6 Bxf4 23.Qe7+ Rf7
24.Qe6 Be5 25.Nxe5 fxe5 26.Qxf7+ Kxf7 27.O-O Ke6 28.Rae1 e4 29.Bd7+
Kxd7 30.Rxf5 Ke6 31.g4 h5 32.Rxe4+ Kd6 33.g5 h4 34.g6 h3 35.g7
b5 36.g8Q b4 37.Re6+ Kd7 38.Qf7+ Kd8 39.Re8# 1-0

[Event "Washington Class Championships"]
[Site "Seattle, WA"]
[Date "2015.11.29"]
[Round "6"]
[White "Wilke Daniel  (WA)"]
[Black "Jiang Brandon  (WA)"]
[Result "0-1"]
[WhiteElo "1360"]
[BlackElo "1238"]
[Annotator ""]
[Source ""]
[Remark "Class D"]

1.e4 e5 2.Nf3 Nc6 3.Bb5 a6 4.Bxc6 dxc6 5.Nc3 Bd6 6.d4 exd4 7.Qxd4
f6 8.Be3 Ne7 9.O-O-O O-O 10.Qc4+ Kh8 11.Bc5 b5 12.Qe2 Bb7 13.Nd4
Qc8 14.Nb3 Bxc5 15.Nxc5 a5 16.Rd7 Ng6 17.f4 Nxf4 18.Qg4 Ng6 19.Rhd1
Rg8 20.Qh5 Ne5 21.R7d2 a4 22.Ne2 a3 23.Nd3 axb2+ 24.Kxb2 Nc4+
25.Kb1 Nxd2+ 26.Rxd2 Qe6 27.Nc3 Qe7 28.Nf4 Qe8 29.Qh4 b4 30.Rd7
bxc3 31.Re7 h6 32.Rxe8 Raxe8 33.Nh5 Rd8 34.a3 Rd1+ 35.Ka2 Ba6
36.a4 Rb8 37.e5 Rb2+ 38.Ka3 Ra1# 0-1

[Event "Washington Class Championships"]
[Site "Seattle, WA"]
[Date "2015.11.28"]
[Round "2"]
[White "Lopez Francisco  (WA)"]
[Black "Hendricks David  (WA)"]
[Result "1-0"]
[WhiteElo "1693"]
[BlackElo "1670"]
[Annotator ""]
[Source ""]
[Remark "Class B--Two Day"]

1.d4 Nf6 2.e3 g6 3.Bd3 Bg7 4.f4 d5 5.Nd2 O-O 6.Ngf3 Bg4 7.O-O
Nbd7 8.c3 c5 9.Qe1 c4 10.Bc2 b5 11.e4 Bxf3 12.Rxf3 dxe4 13.Nxe4
Nd5 14.Bd2 Qb6 15.Rd1 e5 16.fxe5 Nxe5 17.Rh3 f5 18.Ng5 h6 19.Nf3
Rae8 20.Nxe5 Rxe5 21.Qf2 Ree8 22.Bxh6 Bxh6 23.Rxh6 Kg7 24.Rh3
Qe6 25.Bb1 Qe2 26.Rf1 Qxf2+ 27.Kxf2 Re7 28.Re1 Rfe8 29.Rxe7+
Rxe7 30.Rf3 Kf6 31.h4 a5 32.a3 f4 33.g3 g5 34.hxg5+ Kxg5 35.gxf4+
Nxf4 36.Re3 Nd5 37.Rxe7 Nxe7 38.Ke3 Kf6 39.Be4 Ke6 40.Bb7 Kd6
41.Ke4 Kc7 42.Ba8 Kd6 43.Bb7 Kc7 44.Bd5 Kd6 45.Bf7 Nc8 46.a4
bxa4 47.Bxc4 Nb6 48.Bb5 Ke6 49.c4 Nc8 50.c5 Ne7 51.Bc4+ Kd7 52.d5
Nc8 53.Bb5+ Kc7 54.Ke5 a3 55.bxa3 a4 56.Bxa4 Kd8 1-0

[Event "Washington Class Championships"]
[Site "Seattle, WA"]
[Date "2015.11.27"]
[Round "2"]
[White "Sinanan Joshua  (WA)"]
[Black "Yu Jason  (WA)"]
[Result "1/2-1/2"]
[WhiteElo "2226"]
[BlackElo "2015"]
[Annotator ""]
[Source ""]
[Remark "Master"]

1.d4 d5 2.c4 e6 3.Nf3 Nf6 4.g3 Be7 5.Bg2 O-O 6.O-O dxc4 7.Qc2
b5 8.a4 b4 9.Qxc4 Ba6 10.Qc2 Nd5 11.Re1 Nd7 12.Qc6 Qc8 13.e4
N5f6 14.Bg5 Bb7 15.Qc2 h6 16.Bxf6 Nxf6 17.e5 Nd5 18.Rc1 Qd7 19.Nbd2
Rfc8 20.Nb3 c6 21.Nfd2 Qd8 22.Ne4 a5 23.Nbc5 Ba6 24.Qd2 Nb6 25.b3
Nd7 26.Ra2 Kf8 27.Rac2 Nxc5 28.Nxc5 Bxc5 29.Rxc5 Bb7 30.f4 Ra6
31.h4 Qd7 32.Kf2 Rd8 33.Ke3 Rc8 34.Be4 Ke7 35.Qd3 Kd8 36.f5 Kc7
37.d5 exd5 38.Qxd5 Qxd5 39.Bxd5 Rf8 40.Kf4 Kd7 41.Bxf7 Ke7 42.Bd5
Rd8 43.Bxc6 Bxc6 44.Rxc6 Rxc6 45.Rxc6 Rd3 46.Rc7+ Kf8 47.Ra7
Rxb3 48.Rxa5 Ra3 49.Ra8+ Ke7 50.Ra7+ Kf8 51.e6 b3 52.Rf7+ Ke8
53.Rb7 ( 53.Rxg7 ) Rxa4+ 54.Kf3 Ra3 55.Kg4 Kf8 56.f6
( 56.Kh5 ) gxf6 57.Kf5 b2 58.g4 Rf3+ 59.Kg6 Rf4 60.Kh5 Re4 61.Rxb2
Rxe6 62.Kg6 f5+ 63.Kxf5 Ra6 64.Rb8+ Kg7 65.Rb7+ Kg8 66.Re7 Ra4
67.Re4 Ra5+ 68.Kg6 Ra6+ 69.Kh5 Kg7 70.Re7+ Kg8 71.Rb7 Rc6 72.g5
hxg5 73.hxg5 Ra6 74.g6 Ra1 1/2-1/2

[Event "Washington Class Championships"]
[Site "Seattle, WA"]
[Date "2015.11.28"]
[Round "2"]
[White "Chen Brian  (WA)"]
[Black "Elisara Travis  (WA)"]
[Result "1/2-1/2"]
[WhiteElo "1641"]
[BlackElo "1557"]
[Annotator ""]
[Source ""]
[Remark "Class B--Two Day"]

1.e4 c5 2.Nf3 g6 3.d4 cxd4 4.Nxd4 Nf6 5.Nc3 Nc6 6.Be3 Bg7 7.Bc4
O-O 8.Bb3 d6 9.f3 Bd7 10.Qd2 Rc8 11.O-O-O Qa5 12.Bh6 Nxd4 13.Qxd4
Bxh6+ 14.Kb1 Bg7 15.Qe3 a6 16.g4 b5 17.h4 h5 18.gxh5 Nxh5 19.Qg5
Kh7 20.Qxe7 Rxc3 21.Qxd7 Rxf3 22.Qxd6 Nf4 23.Qd7 Bxb2 24.Bxf7
Bg7 25.h5 Qb4+ 26.Bb3 Nxh5 27.Qg4 Kh6 28.Rdg1 Rf1+ 29.Rxf1 Rxf1+
30.Rxf1 Qc3 31.Kc1 Qa1+ 32.Kd2 Qxf1 33.Qe2 Qxe2+ 34.Kxe2 g5 35.a4
Nf4+ 36.Kf3 Kh5 37.axb5 axb5 38.c4 b4 39.c5 Be5 40.c6 Kh4 41.Bd1
g4+ 42.Ke3 g3 43.Bf3 b3 44.Kd2 g2 45.Bxg2 Nxg2 46.c7 Bxc7 {My guess is that Black has never looked at mating with a Knight and Bishop.}
 1/2-1/2

[Event "Washington Class Championships"]
[Site "Seattle, WA"]
[Date "2015.11.28"]
[Round "3"]
[White "He Anthony  (WA)"]
[Black "Sinanan Joshua  (WA)"]
[Result "1/2-1/2"]
[WhiteElo "2087"]
[BlackElo "2226"]
[Annotator ""]
[Source ""]
[Remark "Master"]

1.e4 c5 2.Nf3 e6 3.d4 cxd4 4.Nxd4 a6 5.Bd3 Bc5 6.Nb3 Be7 7.O-O
d6 8.Nc3 Nf6 9.Be3 Nbd7 10.a4 b6 11.Qe2 Bb7 12.Rfd1 Qc7 13.f4
O-O 14.Bf2 Rfc8 15.Kh1 g6 16.Bd4 e5 17.fxe5 dxe5 18.Be3 Nc5 19.Nxc5
Bxc5 20.Rf1 Nh5 21.Bc4 Nf4 22.Bxf4 exf4 23.Nd5 Qe5 24.Nxf4 Rc7
25.Nd3 Qxe4 26.Qxe4 Bxe4 27.Nxc5 bxc5 28.Rf2 Kg7 29.Rd1 f5 30.Re2
Rb8 31.b3 Rb6 32.Red2 a5 33.Kg1 Kf6 34.Kf2 Ke5 35.Ke3 Rcc6 36.Bd5 1/2-1/2

[Event "Washington Class Championships"]
[Site "Seattle, WA"]
[Date "2015.11.28"]
[Round "2"]
[White "Chen Minda  (WA)"]
[Black "Reeves Jasen  (WA)"]
[Result "0-1"]
[WhiteElo "1373"]
[BlackElo "1241"]
[Annotator ""]
[Source ""]
[Remark "Class D--Two Day"]

1.d4 Nf6 2.c4 e6 3.Nc3 Bb4 4.Qc2 c5 5.e3 Nc6 6.Nf3 d6 7.Bd3 b6
8.O-O Bb7 9.Rd1 cxd4 10.exd4 O-O 11.Bg5 h6 12.Bh4 g5 13.Nxg5
hxg5 14.Bxg5 Nxd4 15.Qd2 Nf5 16.Bxf5 exf5 17.Bh6 Ne4 18.Qd4 f6
19.Bxf8 Qxf8 20.Nd5 Qg7 21.Nxb4 Nc3 22.Nd5 Ne2+ 23.Kf1 Nxd4 24.Rxd4
Bxd5 25.Rxd5 Qd7 26.b3 Rc8 27.Rad1 Rc6 28.R1d3 Qe6 29.Re3 Qc8
30.Rg3+ Kf7 31.h4 b5 32.Rxb5 Rxc4 33.Kg1 Rxh4 34.Rh3 Qc1+ 35.Kh2
Qf4+ 36.Kg1 Rxh3 37.gxh3 Qc1+ 38.Kg2 Qc6+ 39.Kh2 Qxb5 40.h4 d5
41.Kg3 d4 42.Kf3 d3 43.Ke3 Qd5 44.Kd2 Kg6 45.f4 Qf3 46.a4 Qe2+
47.Kc3 d2 48.h5+ Kxh5 49.b4 d1Q 50.b5 Qed3+ 51.Kb4 Q3b3+ 52.Ka5
Qd8+ 53.Ka6 Qb6# 0-1

[Event "Washington Class Championships"]
[Site "Seattle, WA"]
[Date "2015.11.28"]
[Round "4"]
[White "Sinanan Joshua  (WA)"]
[Black "Doknjas Joshua  (CAN)"]
[Result "1/2-1/2"]
[WhiteElo "2226"]
[BlackElo "2109"]
[Annotator ""]
[Source ""]
[Remark "Master"]

1.d4 d5 2.c4 c6 3.Nf3 Nf6 4.Nc3 dxc4 5.a4 Bf5 6.Nh4 Bg4 7.h3
Bh5 8.g4 Bg6 9.Nxg6 hxg6 10.e3 e6 11.Bxc4 Bb4 12.Bd2 Nbd7 13.Qc2
Qa5 14.Be2 O-O-O 15.Rc1 Kb8 16.Bf3 e5 17.g5 Nh7 18.h4 exd4 19.exd4
Rhe8+ 20.Kf1 Nb6 21.Bf4+ Bd6 22.Be3 Bb4 23.Kg2 Nf8 24.Qb3 Ne6
25.Rcd1 Bxc3 26.bxc3 Qxa4 27.Rb1 Qxb3 28.Rxb3 Kc7 29.Rhb1 Rb8
30.d5 cxd5 31.Bxb6+ axb6 32.Rxb6 Nf4+ 33.Kf1 Red8 34.R6b4 Ne6
35.c4 dxc4 36.Rxc4+ Kd6 37.Rb6+ Ke7 38.Rxb7+ Rxb7 39.Bxb7 Rd7 1/2-1/2

[Event "Washington Class Championships"]
[Site "Seattle, WA"]
[Date "2015.11.29"]
[Round "5"]
[White "Haining Kyle  (WA)"]
[Black "Sinanan Joshua  (WA)"]
[Result "1-0"]
[WhiteElo "2197"]
[BlackElo "2226"]
[Annotator ""]
[Source ""]
[Remark "Master"]

1.e4 c5 2.Nf3 e6 3.d4 cxd4 4.Nxd4 Nc6 5.Nc3 Qc7 6.Be3 a6 7.Qd2
Nf6 8.f3 Be7 9.O-O-O O-O 10.g4 b5 11.g5 Ne8 12.Kb1 Bb7 13.h4
Rd8 14.Bd3 Ne5 15.Bf4 d6 16.Bg3 Nc4 17.Qc1 Rc8 18.Nce2 Ne5 19.h5
Nxd3 20.Rxd3 Qd7 21.g6 fxg6 22.hxg6 h6 23.Rxh6 gxh6 24.Qxh6 Bf6
25.Nxe6 Rf7 26.gxf7+ Qxf7 27.N2d4 Ng7 28.Nxg7 Bxg7 29.Qe6 1-0

[Event "Washington Class Championships"]
[Site "Seattle, WA"]
[Date "2015.11.29"]
[Round "6"]
[White "He Samuel  (WA)"]
[Black "Sinanan Joshua  (WA)"]
[Result "1/2-1/2"]
[WhiteElo "2218"]
[BlackElo "2226"]
[Annotator ""]
[Source ""]
[Remark "Master"]

1.Nf3 Nf6 2.g3 e6 3.Bg2 d5 4.O-O Be7 5.d3 O-O 6.Nbd2 b6 7.e4
dxe4 8.dxe4 Bb7 9.e5 Nfd7 10.Re1 Nc5 11.b3 a5 12.a3 Qc8 13.Bb2
Bc6 14.Qe2 Qb7 15.Bf1 Qc8 16.Nd4 Bb7 17.Bg2 Bxg2 18.Kxg2 Qb7+
19.Qf3 Qxf3+ 20.N2xf3 c6 21.Nd2 b5 22.f4 Ra7 23.Kf3 Rd7 24.Ke3
Rfd8 25.N2f3 Nca6 26.Ke2 Nc7 27.c4 bxc4 28.bxc4 c5 29.Nc2 Nc6
30.Red1 Rxd1 31.Rxd1 Rxd1 32.Kxd1 a4 33.Kd2 Kf8 34.Kd3 Ke8 35.Ne3
Kd7 36.h4 h5 37.Nd1 Na8 38.Bc3 Nb6 39.Nb2 f6 40.Ke4 1/2-1/2

[Event "Washington Class Championships"]
[Site "Seattle, WA"]
[Date "2015.11.29"]
[Round "5"]
[White "Cobden Graham  (WA)"]
[Black "Myers Russell  (WA)"]
[Result "1-0"]
[WhiteElo "1023"]
[BlackElo "759"]
[Annotator ""]
[Source ""]
[Remark "Class E"]

1.e4 d6 2.Nf3 Nf6 3.Nc3 g6 4.Bc4 Bg7 5.d3 O-O 6.Be3 c6 7.a3 e5
8.Ba2 Re8 9.O-O Be6 10.Bxe6 Rxe6 11.Ng5 Re8 12.Qc1 d5 13.exd5
cxd5 14.Bd2 a6 15.Nf3 e4 16.dxe4 Nxe4 17.Rd1 Nxd2 18.Qxd2 Bxc3
19.Qxc3 Nc6 20.Qb3 d4 21.Qxb7 Qd5 22.Qc7 a5 23.Qf4 Re4 24.Qd2
f6 25.c3 Rd8 26.Rac1 Kf7 27.Qd3 Ke6 28.Re1 Kf5 29.Nd2 Rde8 30.Nxe4
Kg4 31.Nxf6+ Kg5 32.Nxd5 dxc3 33.Rxe8 cxb2 34.Qe3+ Kh5 35.Nf6+
Kh4 36.Re4# 1-0

[Event "Washington Class Championships"]
[Site "Seattle, WA"]
[Date "2015.11.28"]
[Round "2"]
[White "Jiang Andrew  (WA)"]
[Black "Borthwick Noah  (WA)"]
[Result "1-0"]
[WhiteElo "945"]
[BlackElo "632"]
[Annotator ""]
[Source ""]
[Remark "Class E--Two Day"]

1.e4 e5 2.Nf3 Nc6 3.d4 d6 4.d5 Nd4 5.Nxd4 exd4 6.Qxd4 c5 7.Qa4+
Bd7 8.Bb5 Nf6 9.Bg5 Be7 10.Nc3 O-O 11.Bxf6 Bxf6 12.Bxd7 a6 13.Rb1
b5 14.Bxb5 axb5 15.Qxb5 Bxc3+ 16.bxc3 Rb8 17.Qxb8 Qxb8 18.Rxb8
Rxb8 19.O-O Rb2 20.h3 Rxc2 21.Ra1 Rxc3 22.a4 Rb3 23.a5 Rb7 24.a6
Ra7 25.e5 dxe5 26.d6 Kf8 27.d7 Ke7 28.Rd1 Kd8 29.Rd6 c4 30.Kf1
f5 31.Ke2 g5 32.Kd2 h5 33.Kc3 f4 34.Kxc4 f3 35.gxf3 e4 36.fxe4
g4 37.h4 Rxa6 38.Rxa6 Kxd7 39.Rh6 Ke7 40.Rxh5 Kf6 41.Rg5 Ke6
42.h5 g3 43.Rxg3 Ke5 44.h6 Kxe4 45.h7 Kf5 46.h8Q Ke6 47.Qf8 Kd7
48.Re3 Kc6 1-0

[Event "Washington Class Championships"]
[Site "Seattle, WA"]
[Date "2015.11.28"]
[Round "1"]
[White "Vijan Dylan  (WA)"]
[Black "Cobden Graham  (WA)"]
[Result "0-1"]
[WhiteElo "639"]
[BlackElo "1023"]
[Annotator ""]
[Source ""]
[Remark "Class E--Two Day"]

1.e4 e5 2.Nf3 Nc6 3.Bb5 a6 4.Ba4 b5 5.Bb3 Nf6 6.O-O Bc5 7.Nc3
O-O 8.Re1 d6 9.d3 h6 10.Nd5 Bg4 11.h3 Bxf3 12.Qxf3 Nxd5 13.Bxd5
Qd7 14.Qf5 Qxf5 15.exf5 Nd4 16.Bxa8 Nxc2 17.Bd5 Nxe1 18.Be4 Nc2
19.Rb1 Nd4 20.Be3 Rd8 21.Bb7 a5 22.Bd5 c6 23.Bxd4 cxd5 24.Bxc5
dxc5 25.Rf1 c4 26.dxc4 bxc4 27.b3 cxb3 28.axb3 d4 29.Rd1 f6 30.Kf1
Kf8 31.Ke2 Ke7 32.Kd3 Kd6 33.Ke4 Kc5 34.Rb1 Kb4 35.g3 Rc8 36.Kd3
Rc3+ 37.Kd2 Rxb3 38.Rxb3+ Kxb3 39.Kc1 a4 40.Kb1 d3 41.Kc1 a3
42.Kb1 d2 43.Ka1 d1R# 0-1

[Event "Washington Class Championships"]
[Site "Seattle, WA"]
[Date "2015.11.28"]
[Round "1"]
[White "Mahajan Rushaan  (WA)"]
[Black "Ruan Evan  (WA)"]
[Result "0-1"]
[WhiteElo "1486"]
[BlackElo "1434"]
[Annotator ""]
[Source ""]
[Remark "Class C--Two Day"]

1.e4 c5 2.Nf3 e6 3.d4 cxd4 4.Nxd4 a6 5.Nc3 Qc7 6.Be3 Bb4 7.Qd2
Nf6 8.Bd3 d5 9.f3 e5 10.Nb3 d4 11.Nxd4 exd4 12.Bxd4 Nbd7 13.Qg5
O-O 14.O-O h6 15.Qh4 Ne5 16.Qg3 Re8 17.f4 Nxd3 18.Bxf6 Qb6+ 19.Kh1
Qxf6 20.Nd5 Qd6 21.cxd3 Bc5 22.f5 Qxg3 23.hxg3 Bd6 24.g4 Bd7
25.Nb6 Rad8 26.Rfe1 Bb5 27.Rad1 Bg3 28.Re3 Bf2 29.Rf3 Bxb6 30.f6
g5 31.Rh3 Rxe4 32.Rxh6 Rxg4 33.g3 Bxd3 34.Kh2 Bg6 35.Re1 Re4
36.Rxg6+ fxg6 37.Rxe4 Kf7 0-1

[Event "Washington Class Championships"]
[Site "Seattle, WA"]
[Date "2015.11.28"]
[Round "3"]
[White "Ruan Evan  (WA)"]
[Black "Xuan Owen  (WA)"]
[Result "1-0"]
[WhiteElo "1434"]
[BlackElo "1479"]
[Annotator ""]
[Source ""]
[Remark "Class C--Two Day"]

1.d4 Nc6 2.c4 d5 3.Nf3 Bg4 4.Nc3 e6 5.h3 Bh5 6.Bf4 Nf6 7.e3 Bb4
8.a3 Be7 9.Be2 O-O 10.O-O Qd7 11.Rc1 a5 12.cxd5 Nxd5 13.Nxd5
exd5 14.Bb5 Rfd8 15.Qe2 Rab8 16.Rc2 Bxf3 17.Qxf3 Rbc8 18.Bxc6
bxc6 19.Rfc1 c5 20.dxc5 Qc6 21.Be5 Rb8 22.Qg3 f6 23.Bxc7 Rbc8
24.Bxd8 Rxd8 25.Qf3 Kh8 26.Qe2 Rd7 27.b4 axb4 28.axb4 Rb7 29.Rb1
Rb5 30.Qe1 f5 31.Ra2 Bf6 32.Ra5 Kg8 33.Rxb5 Qxb5 34.Qc1 Be5 35.c6
Qb6 36.b5 Kf7 37.Qd2 Ke6 38.f4 Bxf4 39.Kh1 Bxe3 40.Re1 d4 41.Qd3
Kf6 42.Qc4 Qc7 43.b6 Qg3 {'time'} 1-0